oceania capital flags - Statistics

General Stats
  • This quiz has been taken 25 times
    23 since last reset
  • The average score is 11 of 14
Answer Stats
Picture Answer % Correct
Suva
100%
Canberra
94%
Port Moresby
94%
Wellington
94%
Funafuti
89%
Honiara
89%
Apia
78%
Majuro
78%
Ngerulmud
72%
Port Vila
72%
South Tarawa
72%
Palikir
67%
Nuku'alofa
61%
Yaren
61%
No matching quizzes found
Score Distribution
Percent of People with Each Score
Percentile by Number Answered
Your Score History
You have not taken this quiz since the last reset